Statistiques concernant Pays de l'Amérique du Nord - Carte Quiz

Cliquez ici pour prendre le quiz!

Statistiques générales

  • Ce quiz a été pris 13 301 fois
  • Le résultat moyen est 12 sur 23

Réponses sur la Carte

Les réponses sont colorées sur une échelle allant du rouge au vert en fonction du pourcentage des utilisateurs qui les ont devinées à leur premier essai. Vous pouvez retrouver ces pourcentages ci-dessous.
 

Statistiques - réponses

Réponse% Correct
États-Unis
97%
Canada
95%
Mexique
95%
Panama
70%
Cuba
68%
Bahamas
63%
Haïti
62%
Belize
59%
Jamaïque
59%
République dominicaine
59%
Costa Rica
58%
Guatemala
55%
Nicaragua
54%
Honduras
53%
Salvador
52%
Trinité-et-Tobago
41%
Sainte-Lucie
31%
Antigua-et-Barbuda
30%
Grenade
29%
Dominique
27%
Saint-Christophe-et-Niévès
27%
Saint-Vincent-et-les-Grenadines
27%
Barbade
26%

Distribution des résultats

Percentile par nombre de réponses

% des personnes avec chaque résultat

Votre développement - résultats

Vous n’avez pas pris ce quiz